Humpá-pá o pele-vermelha (Registo nº 3807)

Detalhes MARC
000 -Etiqueta do registo
Cabeçalho 00743nam0a2200253 4500
005 - Identificador da versão
Campo de controlo 20240813122044.0
095 ## -
-- PTBN00785484
100 ## - Dados gerais de processamento
Dados gerais de processamento 20170317d1982 a y0pory5003 ba
102 ## - Pais de publicação ou produção
País de publicação Portugal
101 1# - Língua de publicação
Língua do texto, banda sonora, etc. Português
Língua do documento no original Francês
215 ## - Descrição física 
Indicação específica da natureza do documento e extensão da espécie 62 p.
Outras indicações físicas il. color
200 1# - Titulo e menção de responsabilidade
Título próprio Humpá-pá o pele-vermelha
Primeira menção de responsabilidade Goscinny
Outras menções de responsabilidade Uderzo
225 1# - Colecção 
Título próprio da colecção Banda desenhada
Nome de uma parte ou secção Humpá-pá
205 ## - Menção da edição
Menção da edição 2ª ed
210 ## - Publicação, Distribuição, etc. 
Lugar da edição, distribuição, etc. Amadora
Nome do editor, distribuidor, etc. Bertrand
Data da publicação, distribuição, etc. [1982?]
Data da impressão imp. 1982
606 ## - Nome comum usado como assunto
Número de registo de entrada de autoridade 0001782
Palavra de ordem Literatura francesa
Subdivisão de assunto Banda desenhada
Código do sistema CA
675 ## - Classificação Decimal Universal (CDU)
Notação 821.133.1(084.11)
Edição 3ª ed.
Língua da edição por
702 #1 - Nome de autor-pessoa física (responsabilidade secundária)
Número de registo de entrada de autoridade 0000236
Palavra de ordem Uderzo
Outra parte do nome não tomada para palavra de ordem Albert
Datas 1927-
Código de função Ilustrador / Técnico de desenho computorizado
700 #1 - Nome de autor-pessoa física (responsabilidade principal)
Número de registo de entrada de autoridade 0000235
Palavra de ordem Goscinny
Outra parte do nome não tomada para palavra de ordem René
Datas 1926-1977
966 ## - Identificação da Biblioteca
Sigla EBVEN
942 ## - Elementos de entrada adicionados (Koha)
Tipo de item no Koha Livro
Exemplares
Situação do levantamento Origin of item (home branch) (coded) Biblioteca de empréstimo Código de barras Cota Circulation type (not for loan) Tipo de documento Nota do exemplar Damaged status
  Biblioteca Escolar das Vendas Biblioteca Escolar das Vendas BEV600 8BD GOS   Livro Sem mensagem